000 00288nam a22001337a 4500
008 181008b xxu||||| |||| 00| 0 eng d
020 _a2900133138220
041 _aeng
080 _a330
100 _a59
101 _aBUS
245 _aBussiness Essentials
_cEbert.G
942 _2udc
_cBK
999 _c49027
_d49027